[Event "13th Asia-ch (women)"]
[Site "Subic Bay PHI"]
[Date "2009.05.23"]
[Round "11"]
[White "Hoang Thi Bao Tram"]
[Black "Ding Yixin"]
[Result "0-1"]
[WhiteElo "2239"]
[BlackElo "2281"]
[EventDate "2009.05.13"]
[PlyCount "68"]

1.d4 d5 2.Nf3 Nf6 3.e3 e6 4.Bd3 c5 5.b3 Nc6 6.O-O Bd6 7.Bb2 Qc7 8.dxc5 
Bxc5 9.Bxf6 gxf6 10.c4 dxc4 11.Bxc4 Bd7 12.Nc3 a6 13.Rc1 O-O-O 14.Qe2 Kb8 
15.Ne4 Ba3 16.Rc2 f5 17.Neg5 Bc8 18.Rd1 h6 19.Nh3 Rxd1+ 20.Qxd1 e5 21.Kh1 
Rg8 22.Nhg1 Rg6 23.Bf1 Qa5 24.Rd2 Bb4 25.Rc2 Rd6 26.Qa1 f6 27.Ne2 Ba3 28.
Nc3 Nb4 29.Rd2 Rxd2 30.Nxd2 Nc2 31.Qd1 Qxc3 32.Nb1 Qc5 33.Bc4 b5 34.Bf1 
Bb4 0-1

[Event "13th Asia-ch (women)"]
[Site "Subic Bay PHI"]
[Date "2009.05.23"]
[Round "11"]
[White "Kharisma Sukandar, Irine"]
[Black "Tania, Sachdev"]
[Result "1/2-1/2"]
[WhiteElo "2300"]
[BlackElo "2423"]
[EventDate "2009.05.13"]
[PlyCount "150"]

1.e4 e5 2.Nf3 Nc6 3.Bb5 a6 4.Ba4 Nf6 5.d3 b5 6.Bb3 Bc5 7.Nc3 d6 8.Nd5 h6 
9.c3 O-O 10.O-O Rb8 11.Re1 Re8 12.h3 Nxd5 13.Bxd5 Ne7 14.Bb3 Ng6 15.d4 Bb6
16.dxe5 dxe5 17.Qxd8 Rxd8 18.Be3 Bxe3 19.Rxe3 Bb7 20.h4 Re8 21.Rd1 Bc6 22.
g3 Nf8 23.a3 a5 24.Ne1 g6 25.f3 Kg7 26.Nc2 Rbd8 27.Red3 Rxd3 28.Rxd3 Re7 
29.c4 Nd7 30.cxb5 Bxb5 31.Rc3 Nb6 32.Ne3 c6 33.Rc5 Rd7 34.Nd5 Rb7 35.Nxb6 
Rxb6 36.Bd1 Kf6 37.a4 Bd3 38.b3 Ke6 39.Rxa5 f5 40.exf5+ gxf5 41.Kf2 Rb8 
42.Ke3 Rd8 43.Rc5 Rd6 44.b4 e4 45.fxe4 Bxe4 46.Bc2 Bxc2 47.Rxc2 Ke7 48.a5 
Rg6 49.Kf4 Kd6 50.Rd2+ Kc7 51.Kxf5 Rxg3 52.Rd4 h5 53.Rc4 Kb7 54.Ke5 Rg1 
55.Re4 Ka6 56.Kd6 Rg4 57.Ke5 Rg1 58.Rf4 Kb5 59.Kd6 Rg6+ 60.Ke7 Rg1 61.Kd7 
Rg7+ 62.Ke6 Rg1 63.Kf5 Rg8 64.Re4 Rg1 65.Ke6 Rd1 66.Kf5 Rg1 67.Kf4 Rg2 68.
Kf3 Rg1 69.Kf2 Rg8 70.Ke2 Rg2+ 71.Kd3 Rg3+ 72.Ke2 Rg2+ 73.Ke3 Rg3+ 74.Kf4 
Rg2 75.Kf5 Rg1 1/2-1/2

[Event "13th Asia-ch (women)"]
[Site "Subic Bay PHI"]
[Date "2009.05.23"]
[Round "11"]
[White "Swathi, Ghate"]
[Black "Xu Tong"]
[Result "0-1"]
[WhiteElo "2330"]
[BlackElo "2231"]
[EventDate "2009.05.13"]
[PlyCount "100"]

1.e4 c5 2.Nf3 d6 3.d4 cxd4 4.Nxd4 Nf6 5.Nc3 g6 6.Be3 Bg7 7.f3 Nc6 8.Qd2 
O-O 9.Bc4 Bd7 10.O-O-O Rc8 11.Bb3 Nxd4 12.Bxd4 b5 13.Nd5 Nxd5 14.Bxg7 Kxg7
15.exd5 a5 16.a3 b4 17.axb4 axb4 18.Qxb4 Kg8 19.Rhe1 Re8 20.Rd4 Rc5 21.Qd2
Qa8 22.Kd1 Qa1+ 23.Qc1 Qa7 24.Rh4 h5 25.Re3 Rb8 26.Ke2 Bb5+ 27.c4 Ba6 28.
Rhe4 Rc7 29.Bd1 f5 30.Rh4 Qc5 31.b3 Qxd5 32.g4 f4 33.Rc3 Qg5 34.Rh3 hxg4 
35.fxg4 Qxg4+ 36.Kf1 Qg5 37.Rcf3 e5 38.Bc2 Rg7 39.Qa3 Bc8 40.Qxd6 Bxh3+ 
41.Rxh3 Re8 42.Qc6 Rge7 43.Bxg6 Re6 44.Bh7+ Kg7 45.Qe4 Rh6 46.Bf5 Rxh3 47.
Bxh3 Rd8 48.Qb7+ Kh8 49.Qf7 Rg8 50.Qa7 f3 0-1

[Event "13th Asia-ch (women)"]
[Site "Subic Bay PHI"]
[Date "2009.05.23"]
[Round "11"]
[White "Muminova, Nafisa"]
[Black "Lkhamsuren, Uuganbayar"]
[Result "1-0"]
[WhiteElo "2212"]
[BlackElo "2038"]
[EventDate "2009.05.13"]
[PlyCount "75"]

1.e4 e6 2.d4 d5 3.Nc3 Bb4 4.exd5 exd5 5.Bd3 Ne7 6.Ne2 O-O 7.O-O c6 8.Ng3 
Nd7 9.Nce2 Nf6 10.c3 Ba5 11.Bg5 Ng6 12.Nh5 Qd6 13.Bxf6 gxf6 14.Neg3 Kh8 
15.Qf3 Bd8 16.Nf5 Bxf5 17.Qxf5 Qe6 18.Qf3 Rg8 19.Ng3 Bc7 20.Rae1 Qd6 21.
Qh5 Qf4 22.Re3 Qg5 23.Qh3 Bd6 24.Rfe1 Rad8 25.Qf5 Qh4 26.Nf1 Nf4 27.g3 
Nh3+ 28.Kg2 Nf4+ 29.Kh1 Nh3 30.Rf3 Rg6 31.Qxg6 fxg6 32.gxh4 Nf4 33.Ng3 Kg7
34.Rfe3 f5 35.Bc2 Rd7 36.Ne2 Nh5 37.Nc1 Nf6 38.f3 1-0

[Event "13th Asia-ch (women)"]
[Site "Subic Bay PHI"]
[Date "2009.05.23"]
[Round "11"]
[White "Le Thi Phuong Lien"]
[Black "Kruttika, Nadig"]
[Result "1-0"]
[WhiteElo "2216"]
[BlackElo "2361"]
[EventDate "2009.05.13"]
[PlyCount "63"]

1.e4 c5 2.Nf3 d6 3.d4 cxd4 4.Nxd4 Nf6 5.Nc3 a6 6.Bg5 e6 7.f4 Qc7 8.Qf3 b5 
9.f5 b4 10.Ncb5 axb5 11.Bxb5+ Bd7 12.fxe6 Bxb5 13.Nxb5 Qc5 14.Bxf6 Qxb5 
15.Bxg7 Bxg7 16.Qxf7+ Kd8 17.Qxg7 Re8 18.Rf1 b3 19.Qf6+ Kc7 20.Qc3+ Nc6 
21.Rf7+ Kc8 22.cxb3 Ra6 23.Rc1 Qg5 24.b4 Qxg2 25.Qd3 Rb6 26.Rc2 Qg4 27.Rf1
Qg6 28.Qd5 Qxe6 29.Rxc6+ Rxc6 30.Qxc6+ Kd8 31.Qa8+ Kc7 32.Rf7+ 1-0

[Event "13th Asia-ch (women)"]
[Site "Subic Bay PHI"]
[Date "2009.05.23"]
[Round "11"]
[White "Tay Li Jin, Jeslin"]
[Black "Le Thanh Tu"]
[Result "0-1"]
[WhiteElo "2068"]
[BlackElo "2326"]
[EventDate "2009.05.13"]
[PlyCount "116"]

1.d4 c5 2.Nf3 Nf6 3.c4 cxd4 4.Nxd4 b6 5.Nc3 Bb7 6.f3 d6 7.e4 e6 8.Be3 Be7 
9.Be2 a6 10.O-O O-O 11.Qd2 Qc7 12.Rac1 Nbd7 13.Bd3 Rac8 14.Kh1 Ne5 15.b3 
Nxd3 16.Qxd3 Nd7 17.Rfd1 Qb8 18.Nde2 Rfd8 19.Nf4 Bc6 20.a4 Nf6 21.Qe2 Re8 
22.Qf2 Bd8 23.Nd3 Nd7 24.Nb4 Bb7 25.Qg3 Be7 26.Bd4 Bf8 27.Nd3 Nc5 28.Rb1 
Bc6 29.Nf2 Kh8 30.e5 dxe5 31.Bxe5 Qa8 32.Ng4 Red8 33.Qh4 Bxf3 34.Nf6 h6 
35.Rg1 Nd3 36.gxf3 Qxf3+ 37.Rg2 Nxe5 38.Nfe4 Ng6 39.Qf2 Qxf2 40.Rxf2 f5 
41.Ng3 Rd3 42.Nge2 Bb4 43.Na2 Bc5 44.Rff1 Rd2 45.Nac3 a5 46.Rfd1 Rcd8 47.
Rxd2 Rxd2 48.Rd1 Rxd1+ 49.Nxd1 Kg8 50.Kg2 Kf7 51.Nf2 Ne5 52.Nc1 Kf6 53.
Nfd3 Nxd3 54.Nxd3 e5 55.b4 Bxb4 56.Nxb4 axb4 57.c5 b3 58.c6 Ke6 0-1

[Event "13th Asia-ch (women)"]
[Site "Subic Bay PHI"]
[Date "2009.05.23"]
[Round "11"]
[White "Le Kieu Thien Kim"]
[Black "Camacho, Chardine Cheradee"]
[Result "1/2-1/2"]
[WhiteElo "2277"]
[BlackElo "2166"]
[EventDate "2009.05.13"]
[PlyCount "76"]

1.d4 Nf6 2.Nf3 c5 3.e3 e6 4.Bd3 cxd4 5.exd4 Qc7 6.O-O b6 7.Nc3 a6 8.Ne4 
Nxe4 9.Bxe4 Bb7 10.Bxb7 Qxb7 11.Re1 Be7 12.Qd3 d5 13.Bf4 Nd7 14.Ne5 b5 15.
Qg3 Bf6 16.c3 O-O 17.Ng4 Be7 18.Ne3 Rfe8 19.Re2 b4 20.Rae1 bxc3 21.bxc3 
Rac8 22.Ng4 Nf6 23.Be5 Nxg4 24.Qxg4 Bf8 25.Re3 Qb2 26.Qe2 Qxe2 27.R1xe2 
Rc6 28.Rb2 Rec8 29.h3 Rxc3 30.Rxc3 Rxc3 31.Rb6 f6 32.Bg3 a5 33.Rxe6 Rd3 
34.Bc7 Bb4 35.Ra6 Ra3 36.Bd6 Bxd6 37.Rxd6 Rxa2 38.Rxd5 a4 1/2-1/2

[Event "13th Asia-ch (women)"]
[Site "Subic Bay PHI"]
[Date "2009.05.23"]
[Round "11"]
[White "Cua, Sherily"]
[Black "Djang Bich Ngoc"]
[Result "0-1"]
[WhiteElo "2143"]
[BlackElo "2185"]
[EventDate "2009.05.13"]
[PlyCount "66"]

1.d4 Nf6 2.c4 c5 3.Nf3 cxd4 4.Nxd4 a6 5.Nc3 Qc7 6.e4 e6 7.f3 b6 8.Be2 Bb7 
9.Bg5 Be7 10.Qd2 d6 11.Rc1 O-O 12.O-O Nbd7 13.Rfd1 Rac8 14.Be3 Qb8 15.Bf1 
Bd8 16.b3 Bc7 17.g3 Kh8 18.Bg2 Qa8 19.Nde2 Rfd8 20.Kh1 Ne5 21.Bg5 Re8 22.
Nd4 Nfd7 23.Rf1 Nc5 24.Rce1 Nc6 25.Nc2 Na7 26.Qe2 d5 27.b4 Nd7 28.Qd2 Be5 
29.Na3 f6 30.Be3 Bxc3 31.Qxc3 dxe4 32.f4 Nb5 33.Rc1 Nxc3 0-1

[Event "13th Asia-ch (women)"]
[Site "Subic Bay PHI"]
[Date "2009.05.23"]
[Round "11"]
[White "Ghaderpour, Shayesteh"]
[Black "Mohota, Nisha"]
[Result "1/2-1/2"]
[WhiteElo "2156"]
[BlackElo "2304"]
[EventDate "2009.05.13"]
[PlyCount "62"]

1.e4 Nf6 2.e5 Nd5 3.d4 d6 4.Nf3 dxe5 5.Nxe5 c6 6.Bd3 Nd7 7.Nxd7 Bxd7 8.O-O
g6 9.c3 Bg7 10.Nd2 O-O 11.Re1 Qc7 12.Nf3 b5 13.Ne5 Be6 14.Qf3 a6 15.Qg3 c5
16.dxc5 Qxc5 17.Nf3 Nf6 18.Be3 Qd5 19.Bc2 Qb7 20.Bd4 Bd5 21.Bb3 Rfd8 22.
Bxd5 Rxd5 23.Re2 Rf5 24.Qh4 Rh5 25.Qg3 Rf5 26.Qh4 Nd5 27.Bxg7 Kxg7 28.Qd4+
Kg8 29.Re5 Nf4 30.Qe4 Qxe4 31.Rxe4 Ne6 1/2-1/2

[Event "13th Asia-ch (women)"]
[Site "Subic Bay PHI"]
[Date "2009.05.23"]
[Round "11"]
[White "Li Panru"]
[Black "Wang Xiaohui"]
[Result "0-1"]
[WhiteElo "2146"]
[BlackElo "2265"]
[EventDate "2009.05.13"]
[PlyCount "98"]

1.d4 Nf6 2.c4 e6 3.Nc3 Bb4 4.e3 O-O 5.Bd3 d5 6.Nf3 c5 7.O-O Nc6 8.a3 Bxc3 
9.bxc3 dxc4 10.Bxc4 Qc7 11.Qc2 e5 12.Bd3 h6 13.Rb1 Qe7 14.Nxe5 Nxe5 15.
dxe5 Qxe5 16.f3 Re8 17.Kh1 Nd5 18.e4 Nf4 19.Bc4 b6 20.Rd1 Ng6 21.Bd5 Rb8 
22.Be3 Be6 23.Bf2 Bxd5 24.Rxd5 Qf6 25.Rbd1 Rbd8 26.c4 Nf4 27.Rxd8 Rxd8 28.
Rxd8+ Qxd8 29.Bg3 Qd3 30.Qxd3 Nxd3 31.Bb8 a6 32.Ba7 b5 33.cxb5 axb5 34.Kg1
b4 35.Bxc5 Nxc5 36.axb4 Ne6 37.Kf2 Kf8 38.Ke3 Ke7 39.f4 Nc7 40.Kd4 Kd6 41.
f5 f6 42.g4 Na8 43.b5 Nb6 44.h3 Nd7 45.h4 Nb6 46.e5+ fxe5+ 47.Ke4 Nd7 48.
g5 h5 49.f6 Nxf6+ 0-1

[Event "13th Asia-ch (women)"]
[Site "Subic Bay PHI"]
[Date "2009.05.23"]
[Round "11"]
[White "Salvador, Aices"]
[Black "Nguyen Thi Mai Hung"]
[Result "1-0"]
[WhiteElo "2040"]
[BlackElo "2295"]
[EventDate "2009.05.13"]
[PlyCount "87"]

1.e4 c5 2.c3 e6 3.d4 d5 4.exd5 exd5 5.Nf3 Nc6 6.Be2 h6 7.O-O Nf6 8.Re1 Be7
9.dxc5 O-O 10.Bb5 Bxc5 11.Bxc6 bxc6 12.Nd4 Qc7 13.h3 Bd7 14.Be3 Ne4 15.Nd2
Bd6 16.Nxe4 dxe4 17.Qh5 Rae8 18.Rad1 Re5 19.Qe2 Rfe8 20.Rd2 R5e7 21.Red1 
Be5 22.Nb3 f5 23.Qh5 Be6 24.Nc5 Qc8 25.Nxe6 Qxe6 26.Bc5 Rf7 27.Bd6 Rd8 28.
Bxe5 Rxd2 29.Rxd2 Qxe5 30.Rd8+ Rf8 31.Rxf8+ Kxf8 32.g3 e3 33.Qe2 exf2+ 34.
Kxf2 Qxe2+ 35.Kxe2 Ke7 36.Ke3 Ke6 37.Kd4 g5 38.b4 h5 39.c4 Kd6 40.a4 c5+ 
41.bxc5+ Kc6 42.Ke5 Kxc5 43.Kxf5 Kb4 44.c5 1-0

[Event "13th Asia-ch (women)"]
[Site "Subic Bay PHI"]
[Date "2009.05.23"]
[Round "11"]
[White "Sun Fanghui"]
[Black "Perena, Catherine"]
[Result "1/2-1/2"]
[WhiteElo "2146"]
[BlackElo "2184"]
[EventDate "2009.05.13"]
[PlyCount "101"]

1.e4 e5 2.Nf3 Nf6 3.d4 Nxe4 4.Bd3 d5 5.Nxe5 Nd6 6.O-O Be7 7.Qh5 c6 8.Re1 
Be6 9.f4 Nd7 10.f5 Nf6 11.Qf3 Bd7 12.c3 Nfe4 13.Nxd7 Qxd7 14.Nd2 Nxd2 15.
Bxd2 O-O-O 16.a4 Rde8 17.b4 Bd8 18.a5 g6 19.Bh6 Rxe1+ 20.Rxe1 Re8 21.Rf1 
Qe7 22.Bf4 Ne4 23.fxg6 hxg6 24.Qg4+ Qe6 25.Qxe6+ Rxe6 26.Be5 f6 27.Bxe4 
dxe4 28.Bf4 Bc7 29.Bxc7 Kxc7 30.Kf2 Kd6 31.c4 b5 32.axb6 axb6 33.Ke3 f5 
34.h4 Rf6 35.g3 Rf8 36.Ra1 Rg8 37.Ra6 Rb8 38.Ra7 b5 39.Rg7 bxc4 40.Rxg6+ 
Kd7 41.Rf6 Rxb4 42.Rxf5 Rb3+ 43.Kxe4 Rxg3 44.h5 Rh3 45.Rc5 c3 46.Kf4 c2 
47.Kg4 Rh2 48.Kg5 Rg2+ 49.Kf6 Rh2 50.Kg6 Rg2+ 51.Kf6 1/2-1/2

[Event "13th Asia-ch (women)"]
[Site "Subic Bay PHI"]
[Date "2009.05.23"]
[Round "11"]
[White "Bernales, Christy Lamiel"]
[Black "Bui Kim Le"]
[Result "0-1"]
[WhiteElo "2041"]
[BlackElo "2165"]
[EventDate "2009.05.13"]
[PlyCount "98"]

1.e4 c5 2.Nc3 a6 3.f4 b5 4.Nf3 Bb7 5.d3 d6 6.g3 e6 7.Bg2 Be7 8.O-O Nf6 9.
h3 O-O 10.g4 Nc6 11.Ne2 Nd7 12.Ng3 Nd4 13.Nxd4 cxd4 14.Ne2 Qb6 15.f5 d5 
16.exd5 Bxd5 17.Bxd5 exd5 18.Nf4 Qc6 19.Qf3 Qxc2 20.Nxd5 Bd6 21.Rf2 Ne5 
22.Qg2 Qxd3 23.f6 g6 24.Bh6 Rfe8 25.Raf1 Ra7 26.Rd2 Qc4 27.b3 Qc5 28.b4 
Qc4 29.Rc2 Nf3+ 30.Kh1 Qxd5 31.Qxf3 Qxf3+ 32.Rxf3 Bxb4 33.Rd3 Bc3 34.Kg2 
b4 35.Bf4 h5 36.gxh5 Kh7 37.Rg3 Rg8 38.Kf3 a5 39.Rg4 d3 40.Rcg2 Bxf6 41.
hxg6+ Rxg6 42.Rxg6 fxg6 43.Rd2 Rd7 44.Ke3 g5 45.Bg3 g4 46.h4 a4 47.Rxd3 
Rxd3+ 48.Kxd3 b3 49.axb3 a3 0-1

[Event "13th Asia-ch (women)"]
[Site "Subic Bay PHI"]
[Date "2009.05.23"]
[Round "11"]
[White "Docena, Jedara"]
[Black "Guo Qi"]
[Result "0-1"]
[WhiteElo "1999"]
[BlackElo "2147"]
[EventDate "2009.05.13"]
[PlyCount "74"]

1.e4 e6 2.Nc3 d5 3.Nf3 Nf6 4.e5 Nfd7 5.d4 c5 6.dxc5 Bxc5 7.Bd3 Nc6 8.Bf4 
f6 9.exf6 Nxf6 10.O-O O-O 11.Bg5 a6 12.Qd2 Bd6 13.Rad1 Qe8 14.Rfe1 Qh5 15.
h3 h6 16.Bxf6 Rxf6 17.Qe2 Bd7 18.Nh2 Qg5 19.Nf3 Qh5 20.Nh2 Qxe2 21.Rxe2 b5
22.Ng4 Rff8 23.Red2 h5 24.Nh2 b4 25.Nb1 Rf6 26.Nf3 Bf4 27.Re2 g5 28.Bc4 
Kg7 29.Bb3 g4 30.hxg4 hxg4 31.Nd4 Rh8 32.g3 Rfh6 33.gxf4 Rh1+ 34.Kg2 Rxd1 
35.Nxc6 Rhh1 36.f3 Rhg1+ 37.Kh2 gxf3 0-1

[Event "13th Asia-ch (women)"]
[Site "Subic Bay PHI"]
[Date "2009.05.23"]
[Round "11"]
[White "Jose, Rulp Ylem"]
[Black "Khademalsharieh, Sarasadat"]
[Result "0-1"]
[WhiteElo "2054"]
[BlackElo "1806"]
[EventDate "2009.05.13"]
[PlyCount "112"]

1.e4 e5 2.Bc4 Nf6 3.d3 Nc6 4.f4 exf4 5.Nf3 d5 6.exd5 Nxd5 7.Bxd5 Qxd5 8.
O-O Bd6 9.Nc3 Qh5 10.Ne4 O-O 11.Nxd6 Qc5+ 12.Kh1 Qxd6 13.Ng5 f3 14.Qxf3 
Qg6 15.Be3 h6 16.Ne4 f5 17.Ng3 Be6 18.Bc5 Rf7 19.Rae1 f4 20.Nh5 Qf5 21.
Nxf4 Bxa2 22.Ba3 g5 23.Nh5 Qxf3 24.Rxf3 Rxf3 25.gxf3 Bf7 26.Nf6+ Kg7 27.
Ne4 Nd4 28.b3 Nxf3 29.Bb2+ Kg6 30.Rf1 g4 31.Nf6 h5 32.Rf2 Rd8 33.Kg2 Rd6 
34.Ne4 Rc6 35.Kg3 Be6 36.h3 h4+ 37.Kf4 Ne1 38.hxg4 Rxc2 39.Rxc2 Nxc2 40.
Nc5 Bc8 41.Bc3 b6 42.Ne4 a5 43.Be5 Nb4 44.Nf2 Be6 45.Ke4 Na6 46.d4 Bxb3 
47.d5 a4 48.d6 cxd6 49.Bxd6 Nc5+ 50.Kd4 a3 51.Kc3 a2 52.Kb2 Bc4 53.Be7 h3 
54.Nxh3 Nd3+ 55.Ka1 Ne1 56.Nf4+ Kf7 0-1